书目信息 |
| 题名: |
硬质合金的使用
|
|
| 作者: | ;株洲硬质合金厂 著 | |
| 分册: | ||
| 出版信息: | 北京 冶金工业出版社 1973 |
|
| 页数: | 450页 | |
| 开本: | 20cm | |
| 丛书名: | ||
| 单 册: | ||
| 中图分类: | TG135 | |
| 科图分类: | ||
| 主题词: | 硬质合金-合金分析 , 合金分析-硬质合金 , 合金学 , 合金 , 各种性质 | |
| 电子资源: | ||
| ISBN: | ||
| 000 | 00719nam 2200253 45 | |
| 001 | 0190007477 | |
| 005 | 20060509145447.64 | |
| 010 | @dCNY1.90 | |
| 100 | @a19901206d1973 km y0chiy0121 ea | |
| 101 | 1 | @achi@crus |
| 102 | @aCN@b110000 | |
| 105 | @ay z 000yy | |
| 200 | 10 | @a硬质合金的使用@Aying zhi he jin de shi yong@f株洲硬质合金厂著@Fzhu zhou ying zhi he jin chang zhu |
| 210 | @a北京@c冶金工业出版社@d1973 | |
| 215 | @a450页@d20cm | |
| 606 | @a硬质合金-合金分析 | |
| 606 | @a合金分析-硬质合金 | |
| 606 | 0 | @a合金学 |
| 606 | 0 | @a合金 |
| 606 | 0 | @a各种性质 |
| 690 | @aTG135@v4 | |
| 711 | 0 | @a株洲硬质合金厂@Azhu zhou ying zhi he jin chang@4著 |
| 801 | 0 | @aCN@bTSSF@c20060509 |
| 905 | @a10447@dTG135@e1 | |
| 硬质合金的使用/株洲硬质合金厂著.-北京:冶金工业出版社,1973 |
| 450页;20cm |
| ISBN :CNY1.90 |
| ● |
| 相关链接 |
|
|
|
|
正题名:硬质合金的使用
索取号:TG135/1
 
预约/预借
| 序号 | 登录号 | 条形码 | 馆藏地/架位号 | 状态 | 备注 |
| 1 | 0017755 | 202317064 | 密集书库/ [索取号:TG135/1] | 在馆 |